00796nam a2200229 a 450000100080000000500110000800800410001910000190006024501670007926001390024630000110038565000140039665000140041065000110042465000260043565000170046165000110047870000190048970000170050870000210052570000200054621685562024-10-28 2001 bl uuuu u00u1 u #d1 aQUEIROZ, R. A. aTestes de imunoadsorção enzimática indireta (ELISAS) para avaliação da resposta imune humoral induzida por vacinas contra o botulismo.h[electronic resource] aIn: CONGRESSO BRASILEIRO DE BUIATRIA, 4., 2001, Campo Grande, MS. Anais... Campo Grande, MS: Associação Brasileira de Buiatriac2001 ap. 136 aAnticorpo aBotulismo aBovino aClostridium Botulinum aImunização aToxina1 aMADRUGA, C. R.1 aPIRES, P. P.1 aMORAES, S. D. S.1 aUMAKI, A. C. S.